Actors with Multiple Marvel/DC Roles - Statistics

General Stats
  • This quiz has been taken 64 times
    26 since last reset
  • The average score is 16 of 33
Answer Stats
Characters Actor % Correct
Human Torch & Captain America Chris Evans
96%
Green Lantern & Deadpool & Hannibal King Ryan Reynolds
96%
Human Torch & Erik Killmonger Michael B. Jordan
84%
Bane & Venom Tom Hardy
76%
Daredevil & Batman Ben Affleck
72%
Batman & Gorr the God Butcher Christian Bale
68%
Storm & Catwoman Halle Berry
68%
Joker & Morbius Jared Leto
64%
Jonah Hex & Thanos & Cable Josh Brolin
64%
Batman & The Vulture Michael Keaton
64%
Apocalypse & Moon Knight Oscar Isaac
64%
Quicksilver & Kraven the Hunter Aaron Taylor-Johnson
56%
Bloodsport & Heimdall Idris Elba
56%
Catwoman & Janet Van Dyne Michelle Pfeiffer
56%
Nuidis Vulko & Green Goblin Willem Dafoe
56%
Quicksilver & Ralph Bohner Evan Peters
52%
Fandral & Shazam Zachary Levi
52%
Jor-El & Zeus Russell Crowe
48%
Ratcatcher 1 & Korg & Thomas Kalmaku Taika Waititi
48%
Yondu & Savant Michael Rooker
44%
Angel & Catwoman Zoë Kravitz
44%
Bolivar Trask & Eitri Peter Dinklage
40%
Weasel & Kraglin Sean Gunn
40%
Domino & Sophie Dumond Zazie Beetz
36%
Druig & Joker Barry Keoghan
32%
Sinestro & Sivana Mark Strong
32%
Sersi & Doctor Minerva Gemma Chan
28%
Dr. Shin & Jimmy Woo Randall Park
28%
Punisher & Volstagg Ray Stevenson
20%
Kurt & Polka-Dot Man David Dastmalchian
16%
Aleta Ogord & Ying Nan Michelle Yeoh
16%
Ocean Master & Nite Owl Patrick Wilson
12%
Dr. Reyes & Sol Soria Alice Braga
8%
No matching quizzes found
Score Distribution
Percent of People with Each Score
Percentile by Number Answered
Your Score History
You have not taken this quiz since the last reset